| 000 | 00764nam a22002177a 4500 | ||
|---|---|---|---|
| 005 | 20191224042216.0 | ||
| 008 | 150710b2011 ck ||||| |||| 00| 0 spa d | ||
| 040 |
_aCO-BoIAVH _cCO-BoIAVH |
||
| 041 | _aspa | ||
| 044 | _ack | ||
| 082 | 0 | 4 |
_a354.353 _bB61b |
| 245 | 0 | 0 |
_aBio 2030 plan director Medellín, Valle de Aburrá : _bunsueño que juntos podemos alcanzar |
| 260 |
_aMedellín: _bAlcaldía de Medellín, _c2011. |
||
| 300 |
_a263 p. _bfotografías, mapas |
||
| 650 | 4 |
_aPlaneación de proyectos _zMedellín |
|
| 650 | 4 |
_aPlaneación Ambiental _zMedellín |
|
| 650 | 4 | _aUso del suelo | |
| 650 | 4 |
_aUrbanismo _z Valle de Aburrá (Antioquia, Colombia) |
|
| 710 | 2 |
_aColombia _bAlcaldía de Medellín |
|
| 942 |
_2ddc _cLIBRO |
||
| 999 |
_c17581 _d17581 |
||